00537 2200205 4500001002100000005001500021035002000036245007200056100001000128250000600138300003100144700002000175260004300195082000800238084001400246020001600260650002100276990001700297990001700314INLIS00000000000095620190321054741 a0010-03190001691 aGanggang Merah Membawa Berkah /cHasan; Ilustartor, Rochman Suryana0 aHasan a- a80 hlm. :bIlus. ;c21 cm.0 aRochman Suryana aBandung :bWahana IPTEK Bandung,c2010 a813 a813 HAS g a602813438-4 aSastra Indonesia a03486/H/2018 a03487/H/2018